| Tag |
First Indicator |
Second Indicator |
Subfields |
| LEADER |
00000cam a2200000 4500 |
| 001 |
in00000046947 |
| 005 |
20190207093423.0 |
| 008 |
800613r19471946iaua 00010 eng d |
| 035 |
|
|
|a (OCoLC)06418959
|
| 035 |
|
|
|9 AAF3322AM
|
| 040 |
|
|
|a TXA
|c TXA
|d UtOrBLW
|
| 049 |
|
|
|a TXAM
|
| 090 |
|
|
|a TX715
|b .B487 1947
|
| 092 |
|
|
|a 641.5
|b B565b
|
| 130 |
0 |
|
|a Better homes and gardens.
|
| 245 |
1 |
0 |
|a Better homes & gardens cook book ;
|b every recipe tested in Better homes & garden's tasting-test kitchen /
|c edited and designed by the foods and equipment editors of Better homes & gardens.
|
| 264 |
|
1 |
|a [Des Moines] :
|b [Meredith publishing company],
|c [1947]
|
| 300 |
|
|
|a 1 volume :
|b illustrations (part color) ;
|c 25 x 20 cm.
|
| 336 |
|
|
|a text
|b txt
|2 rdacontent
|
| 337 |
|
|
|a unmediated
|b n
|2 rdamedia
|
| 338 |
|
|
|a volume
|b nc
|2 rdacarrier
|
| 500 |
|
|
|a The Cushing Library/Chapman Texas Collection copy is part of the Floyd & Louise Chapman Texas & Borderlands Collection.
|5 TXA
|
| 500 |
|
|
|a Loose-leaf.
|
| 500 |
|
|
|a First published in 1930 under title: My Better homes & gardens cook book.
|
| 500 |
|
|
|a "The Texas Cookbook Collection."
|
| 500 |
|
|
|a "Eleventh printing of de luxe edition, February 1946."
|
| 536 |
|
|
|a Cushing Library/Texas copy was donated in 1999 by Ona Stribling Beams, Dallas, Texas, in memory of George William Beams, Class of 1929.
|
| 650 |
|
0 |
|a Cooking, American.
|
| 999 |
|
|
|a MARS
|
| 999 |
f |
f |
|s a3ffd978-0db2-3747-a688-29eb1e544177
|i 83ca12fe-86bf-3ea4-96e1-13770d6c4b66
|t 0
|
| 952 |
f |
f |
|p noncirc
|a Texas A&M University
|b College Station
|c Cushing Memorial Library & Archives
|d Cushing: Chapman Texas Collection (Does not check out)
|t 0
|e TX715 .B487 1947
|h Library of Congress classification
|i unmediated -- volume
|
| 998 |
f |
f |
|a TX715 .B487 1947
|t 0
|l Cushing: Chapman Texas Collection (Does not check out)
|